000 00694nam a22002297a 4500
003 UA-OsUOA
001 24877
007 ta
008 20040303b un ||||| |||| 00| 0 ukr d
090 _a343.1
_bП69
942 _cBK
040 _aUA-OsUOA
_bukr
_cUA-OsUOA
_dUA-OsUOA
245 _aПрактика судів України в кримінальних справах
_cРед. В.С.Ковальський
300 _a351 с.
955 _a0
041 _aukr
080 _a343.1
260 _aКиїв
_bРедакція "Бюлетня законодавства і юридичної практики України"
_c1993
044 _aUA
650 7 _2UDC
999 _c311163
_d311163